00606nam a2200193 i 4500001000700000003000900007005001700016008004100033080001700074100002000091245006800111260004700179300002100226490003100247600004800278700003200326830003100358852002300389180687ES-MaACL20250618142501.0120625q1957 sp |||| |dspa d a75 Rembrandt1 aMas Grau, Juan.10aRembrandt / cJuan Mas Grau ; portada e ilustraciones de Chaco. aBarcelona : bEdiciones G.P., c[ca. 1957] a64 p. ; c11 cm.1 aEnciclopedia pulga ; v32304aRembrandt Harmenszoon van Rijn, d1606-16691 aChacopino Fabre, Joaquín.1 aEnciclopedia pulga ; v3234 aES-MaACLj2311-F-4